Úprava DPH v reštauračnom stravovaní

Sadzby DPH v reštauračnom stravovaní v Európe a na Slovensku. DPH a cestovný ruch. Spôsob trávenia dovolenky slovenského obyvateľstva. Cenová dostupnosť reštauračného stravovania. Percentuálne sadzby DPH v sektore verejného stravovania v Európe r. 1995.

Gespeichert in:
Bibliographische Detailangaben
1. Verfasser: Baláž, Vladimír
Format: Buchkapitel
Sprache:Slowakisch
Schlagworte:
Tags: Tag hinzufügen
Keine Tags, Fügen Sie das erste Tag hinzu!

MARC

LEADER 00000naa a2200000 4500
001 r019277
005 20221205102121.2
041 0 |a slo 
044 |a SK 
245 1 0 |a Úprava DPH v reštauračnom stravovaní  |c Vladimír Baláž 
520 |a Sadzby DPH v reštauračnom stravovaní v Európe a na Slovensku. DPH a cestovný ruch. Spôsob trávenia dovolenky slovenského obyvateľstva. Cenová dostupnosť reštauračného stravovania. Percentuálne sadzby DPH v sektore verejného stravovania v Európe r. 1995. 
610 2 0 |a Európa 
610 2 0 |a Slovensko 
610 2 0 |a 1987-1995 
610 2 0 |a stravovanie spoločné 
610 2 0 |a zariadenia stravovacie 
610 2 0 |a dane z hodnoty pridanej 
610 2 0 |a ruch cestovný 
610 2 0 |a dovolenka 
100 1 |a Baláž, Vladimír